Technické pamiatky sú svedectvom pokroku
Dôvody, prečo je dôležité chrániť technické pamiatky. Vzácna priemyselná architektúra, vzťah k histórii a využitie podobných stavieb na komplexy kreatívneho priemyslu s jedinečnou atmosférou. Dôležité príklady.
Gespeichert in:
| 1. Verfasser: | |
|---|---|
| Format: | Buchkapitel |
| Sprache: | Slowakisch |
| Schlagworte: | |
| Tags: |
Keine Tags, Fügen Sie das erste Tag hinzu!
|
MARC
| LEADER | 00000naa a2200000 4500 | ||
|---|---|---|---|
| 001 | 0211846 | ||
| 005 | 20231011123747.2 | ||
| 041 | 0 | |a slo | |
| 044 | |a SK | ||
| 245 | 1 | 0 | |a Technické pamiatky sú svedectvom pokroku |c Miroslav Beňák |
| 520 | |a Dôvody, prečo je dôležité chrániť technické pamiatky. Vzácna priemyselná architektúra, vzťah k histórii a využitie podobných stavieb na komplexy kreatívneho priemyslu s jedinečnou atmosférou. Dôležité príklady. | ||
| 610 | 2 | 0 | |a história |
| 610 | 2 | 0 | |a industrializácia |
| 610 | 2 | 0 | |a technika |
| 610 | 2 | 0 | |a architektúra |
| 610 | 2 | 0 | |a ochrana pamiatok |
| 610 | 2 | 0 | |a kreativita |
| 610 | 2 | 0 | |a Slovensko |
| 100 | 1 | |a Beňák, Miroslav | |